Filme mit Tom Cruise - Sudden Death - Statistiken

Allgemein
  • Dieses Quiz wurde 352 mal gespielt
  • Das Durchschnittsergebnis liegt bei 12 aus 26
Answers on the Grid
Answers color-coded by a green-red scale on the quiz's grid according to % correct below.
Risky Business - Lockere Geschäfte
Legende
Top Gun
Die Farbe des Geldes
Cocktail
Rain Man
Geboren am 4. Juli
Tage des Donners
Eine Frage der Ehre
Die Firma
Interview mit einem Vampir
Mission: Impossible
Jerry Maguire - Spiel des Lebens
Eyes Wide Shut
Magnolia
Vanilla Sky
Minority Report
Last Samurai
Collateral
Krieg der Welten
Tropic Thunder
Rock of Ages
Jack Reacher
Oblivion
Edge of Tomorrow
Barry Seal - Only in America
In der Hitze der Nacht
Fight Club
American Beauty
Flucht aus Pretoria
Face/Off - Im Körper des Feindes
Family Man
Die Herbstzeitlosen
Herr der Fliegen
Vom Fliegen und anderen Träumen
Jackie Brown
 
Antwortstatistiken
Antwort % Korrekt
Top Gun
87%
Mission: Impossible
85%
Jack Reacher
66%
Last Samurai
62%
Edge of Tomorrow
55%
Rain Man
55%
Krieg der Welten
53%
Minority Report
53%
Vanilla Sky
53%
Eine Frage der Ehre
50%
Interview mit einem Vampir
50%
Jerry Maguire - Spiel des Lebens
48%
Oblivion
47%
Cocktail
46%
Collateral
45%
Eyes Wide Shut
43%
Die Firma
42%
Tage des Donners
41%
Geboren am 4. Juli
39%
Tropic Thunder
39%
Barry Seal - Only in America
37%
Die Farbe des Geldes
33%
Magnolia
33%
Risky Business - Lockere Geschäfte
33%
Rock of Ages
23%
Legende
22%
Keine übereinstimmenden Quizze gefunden
Verteilung der Resultate
Anzahl Personen mit jedem Resultat
Perzentil nach korrekt beantworteten Fragen
Ihre Resultats-Entwicklung
Sie haben dieses Quiz noch nicht gespielt